Sports Quiz

Random Sports or NBA Quiz

Negative Sports Logos Quiz Stats

 Plays Quiz Updated Dec 13, 2018

Support Sporcle.
Go Orange.
Score 0/25 Timer 03:00
1 Play Today
% Correct
Memphis Grizzlies
94%
Minnesota Vikings
93.4%
Miami Dolphins
93%
Chicago Bulls
93%
Pittsburgh Penguins
93%
Detroit Red Wings
92.8%
Seattle Seahawks
92.4%
Buffalo Bills
92.1%
Boston Red Sox
92.1%
Kansas City Royals
91.2%
Tennessee Titans
90.5%
Denver Broncos
90.5%
Phoenix Suns
89.7%
% Correct
Cleveland Cavaliers
89.1%
Los Angeles Angels
88.9%
Nashville Predators
88.5%
Boston Celtics
88.1%
San Diego Padres
87.9%
Calgary Flames
87.6%
Washington Wizards
86.3%
Arizona
Diamondbacks
84.7%
Detroit Tigers
84.7%
Winnipeg Jets
83.9%
Ottawa Senators
82.6%
Colorado Avalanche
79.6%

You're not logged in!

Compare scores with friends on all Sporcle quizzes.
OR
Log In
Forgot?

From the Vault

Country by Necklace

by KStericker

You’d have to be pretty strong to wear the whole world around your neck.
Remove Ads.
Support Sporcle.
Get the best of Sporcle when you Go Orange. This ad-free experience offers more features, more stats, and more fun while also helping to support Sporcle. Thank you for becoming a member.

Show Comments

Extras

Top Quizzes Today


Score Distribution

Your Account Isn't Verified!

In order to create a playlist on Sporcle, you need to verify the email address you used during registration. Go to your Sporcle Settings to finish the process.

Report this User

Report this user for behavior that violates our Community Guidelines.

Details: